000 00829nam a2200253Ia 4500
003 OSt
005 20220925223403.0
006 a|||||r|||| 00| 0
007 ta
008 220923b |||||||| |||| 00| 0 eng d
020 _a0415316871
_c1728.34
037 _b425, 25/05/2006, Bright Book Service
_cGeneral Book
040 _aRTL
_cRTL
_beng
041 _2eng
_aeng
082 _aY73(Q6):4582.J<--D600, P5
100 _aBerman Constance Hoffman Ed.
_9289531
245 0 _aMedieval religion
_b New approaches
260 _aLondon
_bRoutledge
_c2005
300 _axxiii, 422p
_ccm.
490 _aRewriting Histories
650 _aSociology
942 _hY73(Q6):4582.J<--D600, P5
_cGB
_2CC
999 _c579386
_d579386